| 000 | 00520nam a2200193Ia 4500 | ||
|---|---|---|---|
| 003 | GCL | ||
| 008 | 140319s9999 xx 000 0 eng d | ||
| 020 | _a0826453163 | ||
| 040 |
_aGCL / _cGCL |
||
| 082 | 0 | 4 |
_a808.068 _bEG |
| 100 | 1 | _aECCLESHARE, JULIA | |
| 245 | 1 | 0 |
_aA GUIDE TO THE HARRY POTTER NOVELS / _cECCLESHARE, JULIA |
| 260 |
_aانجلترا : _bCONTINUUM ، _c2002 |
||
| 300 |
_a114 PG ؛ _c25 cm. |
||
| 650 | 0 | 4 | _aFICTIONS |
| 650 | 0 | 4 | _aCHILDREN'S LITERATURE |
| 650 | 0 | 4 | _aPOTTER, HARRY |
| 942 |
_2ddc _cBK |
||
| 999 |
_c6550 _d6550 |
||